| 000 | 00481nam a2200133Ia 4500 | ||
|---|---|---|---|
| 008 | 250506s9999 xx 000 0 und d | ||
| 024 | _a11B-122-EL, 11B-143-EL & 11B-190-EL | ||
| 082 | _a670.427072 FUR | ||
| 100 | _aFurqanj Daud, Ali Gohar & Muhammad Ali Islam | ||
| 245 | 0 | _aAutonomous Robot for Box Picking and Dropping Using Color Detection and Light Following | |
| 260 |
_aKarachi: _bUIT, _c2011 |
||
| 600 | _aElectronic Engineering | ||
| 650 | _aBachelor of Engineering (BE) | ||
| 999 |
_c28061 _d28061 |
||